Thesaurus Jumbled Quiz Stats

 Plays Quiz Updated Apr 5, 2018

Score 0/16 Timer 04:00
9 Plays Today
% Correct
Goodbye
92.4%
Infantile
89.7%
Convince
88.2%
Apocalypse
87.9%
Cunning
86.2%
Serfdom
83.8%
Transmute
83.4%
Shun
83%
% Correct
Engaged
82.8%
Plod
82.5%
Upright
82.4%
Morose
81.7%
Outright
77.7%
Traverse
76.7%
Polite
76.4%
Malfeasance
63.9%

You're not logged in!

Compare scores with friends on all Sporcle quizzes.
OR
Log In

You Might Also Like...

Show Comments

Extras

Top Quizzes Today


Score Distribution

Your Account Isn't Verified!

In order to create a playlist on Sporcle, you need to verify the email address you used during registration. Go to your Sporcle Settings to finish the process.

Report this User

Report this user for behavior that violates our Community Guidelines.

Details: